| 000 | 00000nam 2200000zi 4500 |
| 001 | 9.910248 |
| 003 | CaOODSP |
| 005 | 20250918143717 |
| 006 | m o d f |
| 007 | cr |n||||||||| |
| 008 | 220413t20212021onc o f|0| 0 fre d |
| 020 | |a9780660430898 |
| 040 | |aCaOODSP|bfre|erda|cCaOODSP |
| 043 | |an-cn--- |
| 086 | 1 |aBT53-33/2021F-PDF |
| 245 | 00|aPolitique sur la planification et la gestion des investissements. |
| 264 | 1|a[Ottawa] : |bSecrétariat du Conseil du trésor du Canada = Treasury Board of Canada Secretariat, |c2021. |
| 264 | 4|c©2021 |
| 300 | |a1 ressource en ligne (29 pages non numérotées) |
| 336 | |atexte|btxt|2rdacontent/fre |
| 337 | |ainformatique|bc|2rdamedia/fre |
| 338 | |aressource en ligne|bcr|2rdacarrier/fre |
| 500 | |aPublié aussi en anglais sous le titre : Policy on the planning and management of investments. |
| 500 | |aPublié aussi en format HTML. |
| 500 | |a« Publié : le 2021-06-28. » |
| 650 | 6|aInvestissements|xPolitique gouvernementale|zCanada. |
| 710 | 1 |aCanada. |bConseil du trésor, |eorganisme de publication. |
| 775 | 08|tPolicy on the planning and management of investments.|w(CaOODSP)9.910249 |
| 794 | |tPolitique sur la planification et la gestion des investissements / Directive sur la gestion des biens immobiliers.|w(CaOODSP)9.955505 |
| 856 | 40|qPDF|s220 Ko|uhttps://publications.gc.ca/collections/collection_2022/sct-tbs/BT53-33-2021-fra.pdf |
| 856 | 4 |qHTML|sS.O.|uhttps://www.tbs-sct.canada.ca/pol/doc-fra.aspx?id=32593 |